• 首页
  • 本馆介绍
  • 公告通知
  • 最新文献
  • 馆藏检索
  • 电子资源
  • 读者导购
  • 参考咨询
  • 我的图书馆
  • 登录
  • 详细信息显示
  • 放入我的书架
  • 预约/预借图书
  • 作者相关作品
  • 分类相关作品
  • 丛书相关作品
  • 出版社相关作品

书目信息

  • 表格格式
  • 工作单格式
  • 卡片格式
题名:
跨国技术创新
    
 
作者: 刘云 主编
分册:  
出版信息: 北京   科学出版社  2007
页数: 244页
开本: 24cm
丛书名:
单 册:
中图分类: F276.7
科图分类:
主题词: 跨国公司--Kua Guo Gong Si--技术革新--研究 , 技术革新--Ji Shu Ge Xin , 研究--Yan Jiu
电子资源:
ISBN: 978-7-03-019986-7
000 01026nam0 22002771 450
001 349593
005 20161009085018.03
010    @a978-7-03-019986-7@dCNY32.00
100    @a20070104d2007 em y0chiy50 ea
101 0  @achi
102    @aCN@b110000
105    @ay z 000yy
106    @ar
200 1  @a跨国技术创新@AKua Guo Ji Shu Chuang Xin@e研发国际化的组织模式及影响@f刘云主编
210    @a北京@c科学出版社@d2007
215    @a244页@d24cm
300    @a国家自然科学基金资助项目
330    @a本书针对跨国公司研发国际化的发展趋势、组织模式、管理机制以及对东道国的影响开展了较系统的理论和实证分析,从多个层面归纳出跨国公司研发国际化的先进经验和发展规律。
517 1  @a研发国际化的组织模式及影响@AYan Fa Guo Ji Hua De Zu Zhi Mo Shi Ji Ying Xiang
606 0  @a跨国公司@AKua Guo Gong Si@x技术革新@x研究
606 0  @a技术革新@AJi Shu Ge Xin
606 0  @a研究@AYan Jiu
690    @aF276.7@v5
701  0 @a刘云@ALiu Yun@c(教授,@f1963~)@4主编
801  0 @aCN@bTANGWEI@20160730
905    @b0885790-4@dF276.7@e1283@f5
    
    跨国技术创新:研发国际化的组织模式及影响/刘云主编.-北京:科学出版社,2007
    244页;24cm
    国家自然科学基金资助项目
    
    ISBN 978-7-03-019986-7:CNY32.00
    本书针对跨国公司研发国际化的发展趋势、组织模式、管理机制以及对东道国的影响开展了较系统的理论和实证分析,从多个层面归纳出跨国公司研发国际化的先进经验和发展规律。
●
相关链接 在E读中查询图书 在五车中查询图书 在当当中查询图书 在豆瓣中查询图书


正题名:跨国技术创新     索取号:F276.7/1283         预约/预借

序号 登录号 条形码 馆藏地/架位号 状态 备注
1 0885790   208857904   第一样本阅览室/ [索取号:F276.7/1283] 在馆    
2 0885791   208857913   第一借阅区/ [索取号:F276.7/1283] 在馆    
3 0885792   208857922   密集书库-海洋学院/ [索取号:F276.7/1283] 在馆    
4 0885793   208857931   第一借阅区/ [索取号:F276.7/1283] 在馆    
5 0885794   208857940   第一借阅区/ [索取号:F276.7/1283] 在馆    
唐山师范学院图书馆 欢迎您!
大连网信软件有限公司© 版权所有